| 000 | 00707nam a22001817a 4500 | ||
|---|---|---|---|
| 999 |
_c15065 _d15065 |
||
| 003 | OSt | ||
| 082 | _2631.56 FEL/DE | ||
| 088 | _aP 62 | ||
| 100 |
_aFELIX JOHN _aRAJASREE MADHAVAN _93774 |
||
| 245 | _aDevelopment and performance evaluation of a banana chipper | ||
| 260 |
_aTavanur 1997 _bDepartment of Post Harvest Technology & Agricultural Processing |
||
| 300 | _a49 | ||
| 500 | _aDevelopment and performance evaluation of a banana chipper | ||
| 520 | _ato develop a mechanical banana chipper, evaluate the performance of the machine and compare with manual chipping | ||
| 700 |
_aEr. Prince M. V _93775 |
||
| 856 | _uhttps://drive.google.com/open?id=1OmNx_ENs_TKbXqvfV21iLDl7Xc33QQFg | ||
| 942 | _cPR | ||